000
00354nam a2200157Ia 4500
008
221030s9999 xx 000 0 und d
020
_a
8188458066
041
_a
English
100
_a
K. M. Soni
245
0
_a
Circuits & Systems
_c
by K. M. Soni
250
_a
9th
260
_b
Katson
_a
New Delhi
_c
2014
300
_a
762
650
_a
EE
942
_c
BK
999
_c
17183
_d
17183